[Event "BL 2223 (Women)"]
[Site "Germany"]
[Date "2023.02.19"]
[Round "6.5"]
[White "Miturova, Magdalena"]
[Black "Heinemann, Josefine"]
[Result "0-1"]
[WhiteElo "2180"]
[BlackElo "2318"]
[PlyCount "44"]
[EventDate "2022.10.15"]
[EventType "team-tourn"]
[EventRounds "11"]
[EventCountry "GER"]
[SourceTitle "CBM 213 Extra"]
[Source "ChessBase"]
[SourceDate "2023.05.31"]
[SourceVersion "1"]
[SourceVersionDate "2023.05.31"]
[SourceQuality "1"]
[WhiteTeam "Rodewisch (W)"]
[BlackTeam "Baden-Baden (W)"]
[WhiteTeamCountry "GER"]
[BlackTeamCountry "GER"]

1. e4 c5 2. Nf3 d6 3. Bb5+ Nd7 4. d4 cxd4 5. Qxd4 a6 6. Ba4 Ngf6 7. Bg5 b5 8. Bb3 e6 9. 0-0 Bb7 10. Nc3 Be7 11. Rfe1 Nc5 12. Rad1 0-0 13. a3 Nxb3 14. cxb3 Rc8 15. Rd2 Qc7 16. Rc1 Nxe4 17. Nxe4 Qxc1+ 18. Rd1 Bxg5 19. Nfxg5 Qf4 20. g3 Qe5 21. Qd3 Bxe4 22. Nxe4 d5 0-1

[Event "EU-ch Blitz"]
[Site "Katowice"]
[Date "2022.12.16"]
[Round "19"]
[White "Kuzmicz, Krystian"]
[Black "Miturova, Magdalena"]
[Result "1-0"]
[WhiteElo "2466"]
[BlackElo "2147"]
[PlyCount "31"]
[EventDate "2022.12.16"]
[EventType "swiss (blitz)"]
[EventRounds "22"]
[EventCountry "POL"]
[SourceTitle "CBM 211 Extra"]
[Source "ChessBase"]
[SourceDate "2023.01.31"]
[SourceVersion "1"]
[SourceVersionDate "2023.01.31"]
[SourceQuality "1"]

1. e4 e5 2. Nf3 Nc6 3. Nc3 Nf6 4. a3 d5 5. Bb5 d4 6. Ne2 Bd6 7. d3 Be6 8. 0-0 h6 9. Ng3 Qd7 10. Nh4 a6 11. Ba4 b5 12. Bb3 Bxb3 13. cxb3 g6 14. h3 Bf8 15. f4 Bg7 16. fxe5 1-0

[Event "BL 2223 (Women)"]
[Site "Germany"]
[Date "2022.11.12"]
[Round "3.6"]
[White "Miturova, Magdalena"]
[Black "Dartmann Aubanell, Catriona"]
[Result "0-1"]
[WhiteElo "2180"]
[BlackElo "1870"]
[PlyCount "116"]
[EventDate "2022.10.15"]
[EventType "team-tourn"]
[EventRounds "11"]
[EventCountry "GER"]
[SourceTitle "EXT 2024"]
[Source "ChessBase"]
[SourceDate "2023.10.10"]
[SourceVersion "1"]
[SourceVersionDate "2023.10.10"]
[SourceQuality "1"]
[WhiteTeam "Rodewisch (W)"]
[BlackTeam "Hemer (W)"]
[WhiteTeamCountry "GER"]
[BlackTeamCountry "GER"]

1. Nf3 d5 2. g3 Nf6 3. Bg2 Bf5 4. c4 c6 5. 0-0 e6 6. cxd5 exd5 7. d3 Bd6 8. Qb3 Qc7 9. Nc3 Nbd7 10. e4 dxe4 11. dxe4 Be6 12. Qc2 0-0 13. Re1 Ng4 14. Nd4 Bc5 15. Bf4 Qa5 16. Rad1 Rad8 17. h3 Nge5 18. a3 Ng6 19. Be3 Bxd4 20. Rxd4 Qh5 21. Qd1 Qa5 22. f4 f5 23. e5 Qc7 24. Qe2 Nb6 25. Rd6 Bc4 26. Qd2 Ne7 27. Bc5 Nbd5 28. Nxd5 Bxd5 29. Rxd8 Rxd8 30. Bd6 Qb6+ 31. Qf2 Qxf2+ 32. Kxf2 Bxg2 33. Kxg2 Nc8 34. Bb4 Kf7 35. g4 g6 36. Kg3 Ke6 37. gxf5+ gxf5 38. Kh4 Nb6 39. Rg1 Rd4 40. Kg5 Nd5 41. Bc5 Rxf4 42. Bxa7 Ra4 43. Bc5 Kxe5 44. h4 Nf4 45. Kh6 Nd3 46. Be7 f4 47. h5 f3 48. Rf1 f2 49. Bd8 c5 50. Bc7+ Ke4 51. Bg3 Kf3 52. Bxf2 Nxf2 53. Kxh7 Rg4 54. Rc1 Rg5 55. h6 Ng4 56. Rf1+ Ke4 57. Rf7 b6 58. Rg7 Kf5 0-1

[Event "BL 2223 (Women)"]
[Site "Germany"]
[Date "2022.10.15"]
[Round "1.4"]
[White "Mueller Ludwig, Kristin"]
[Black "Miturova, Magdalena"]
[Result "1-0"]
[WhiteElo "2048"]
[BlackElo "2180"]
[PlyCount "75"]
[EventDate "2022.10.15"]
[EventType "team-tourn"]
[EventRounds "11"]
[EventCountry "GER"]
[SourceTitle "EXT 2024"]
[Source "ChessBase"]
[SourceDate "2023.10.10"]
[SourceVersion "1"]
[SourceVersionDate "2023.10.10"]
[SourceQuality "1"]
[WhiteTeam "Erfurt Medizin (W)"]
[BlackTeam "Rodewisch (W)"]
[WhiteTeamCountry "GER"]
[BlackTeamCountry "GER"]

1. e4 e5 2. Nf3 Nc6 3. Bb5 a6 4. Ba4 Nf6 5. 0-0 Be7 6. Re1 b5 7. Bb3 d6 8. c3 0-0 9. h3 h6 10. d4 Re8 11. Nbd2 Bf8 12. a4 Bd7 13. d5 Na5 14. Bc2 c6 15. dxc6 Nxc6 16. Nf1 Be6 17. Ne3 Qb6 18. Nh4 Rad8 19. Qf3 Ne7 20. axb5 axb5 21. Nef5 Nxf5 22. Nxf5 Nd7 23. Be3 Qc6 24. Red1 Kh7 25. g4 g6 26. Ng3 Bg7 27. Qe2 Nc5 28. Ra7 Bc4 29. Qf3 Rf8 30. g5 hxg5 31. Bxg5 Rd7 32. Rda1 f6 33. Be3 Rff7 34. Ra8 f5 35. Nxf5 Rxf5 36. exf5 e4 37. fxg6+ Kxg6 38. Bxc5 1-0

[Event "POL-chT 2nd League"]
[Site "Jastrzebia Gora"]
[Date "2022.09.07"]
[Round "5.110"]
[White "Miturova, Magdalena"]
[Black "Szmyd, Arkadiusz"]
[Result "1/2-1/2"]
[WhiteElo "2219"]
[BlackElo "2073"]
[PlyCount "93"]
[EventDate "2022.09.03"]
[EventType "team-swiss"]
[EventRounds "9"]
[EventCountry "POL"]
[SourceTitle "CBM 210 Extra"]
[Source "ChessBase"]
[SourceDate "2022.11.30"]
[SourceVersion "1"]
[SourceVersionDate "2022.11.30"]
[SourceQuality "1"]
[WhiteTeam "Lodz Okucia Budowlane"]
[BlackTeam "Zory Roszada"]
[WhiteTeamCountry "POL"]
[BlackTeamCountry "POL"]

1. e4 e5 2. Nf3 Nf6 3. Nc3 Nc6 4. d4 exd4 5. Nxd4 Bb4 6. Nxc6 bxc6 7. Bd3 0-0 8. 0-0 d5 9. exd5 cxd5 10. h3 c6 11. Qf3 Re8 12. Ne2 Ne4 13. a3 Bd6 14. c4 Qf6 15. Qxf6 Nxf6 16. cxd5 cxd5 17. Be3 a5 18. Rfd1 Be5 19. Rab1 Be6 20. Nd4 Rec8 21. b4 axb4 22. axb4 Ra3 23. b5 Nd7 24. Bf1 Nb8 25. Rdc1 Rac3 26. Rxc3 Rxc3 27. Ra1 Rc8 28. b6 Bd7 29. Ra5 Be6 30. Ra8 Kf8 31. f4 Bd6 32. Nb5 Ke7 33. Nxd6 Kxd6 34. f5 Bxf5 35. b7 Re8 36. Bf4+ Kc6 37. Rxb8 Rxb8 38. Bxb8 Kxb7 39. Be5 f6 40. Bd4 Kc6 41. Kf2 Kd6 42. Ke3 Be4 43. g4 Ke6 44. Bd3 Bxd3 45. Kxd3 g5 46. Ke3 Kf7 47. Kf3 1/2-1/2

[Event "BL 2122 (Women)"]
[Site "Germany"]
[Date "2022.05.26"]
[Round "3.5"]
[White "Just, Anita"]
[Black "Miturova, Magdalena"]
[Result "0-1"]
[WhiteElo "1895"]
[BlackElo "2217"]
[PlyCount "114"]
[EventDate "2021.11.27"]
[EventType "team-tourn"]
[EventRounds "11"]
[EventCountry "GER"]
[SourceTitle "EXT 2023"]
[Source "ChessBase"]
[SourceDate "2022.10.05"]
[SourceVersion "1"]
[SourceVersionDate "2022.10.05"]
[SourceQuality "1"]
[WhiteTeam "Leipzig Weissblau (W)"]
[BlackTeam "Rodewisch (W)"]
[WhiteTeamCountry "GER"]
[BlackTeamCountry "GER"]

1. e4 e5 2. Nf3 Nc6 3. Bc4 Nf6 4. Ng5 d5 5. exd5 Na5 6. Bb5+ c6 7. dxc6 bxc6 8. Be2 h6 9. Nf3 e4 10. Ne5 Bc5 11. c3 Bd6 12. d4 exd3 13. Nxd3 Qc7 14. h3 0-0 15. 0-0 Bf5 16. Nd2 Rad8 17. Ne1 c5 18. Nef3 Rfe8 19. Bb5 Re6 20. Qa4 Nd5 21. Nh4 Bh7 22. Qg4 a6 23. Bxa6 Bh2+ 24. Kh1 Rxa6 25. g3 Nf6 26. Qf3 Rxd2 27. Kxh2 Rd3 28. Bf4 Qd7 29. Rad1 c4 30. Be3 Nc6 31. Rxd3 Bxd3 32. Ra1 Ne5 33. Qf4 Re6 34. Qd4 Qb7 35. b4 g5 36. f4 gxh4 37. fxe5 hxg3+ 38. Kxg3 Ne4+ 39. Kh2 Rg6 40. Rg1 Rxg1 41. Kxg1 Qc6 42. Kh2 Qg6 43. Bf4 Bf1 44. Qg1 Qxg1+ 45. Kxg1 Bxh3 46. Bxh6 Kh7 47. Be3 Nxc3 48. a3 Kg6 49. Kf2 Bd7 50. Bd4 Nd5 51. Ke2 Kf5 52. Kd2 Ke4 53. Bg1 Kxe5 54. Ba7 Ke4 55. Bg1 c3+ 56. Kc1 Kd3 57. Bh2 Nb6 0-1

[Event "CZE-ch Rapid (Women)"]
[Site "Ceska Trebova"]
[Date "2022.05.14"]
[Round "9"]
[White "Miturova, Magdalena"]
[Black "Mareckova, Martina"]
[Result "1/2-1/2"]
[WhiteElo "2217"]
[BlackElo "2121"]
[PlyCount "57"]
[EventDate "2022.05.14"]
[EventType "swiss (rapid)"]
[EventRounds "9"]
[EventCountry "CZE"]
[SourceTitle "CBM 208 Extra"]
[Source "ChessBase"]
[SourceDate "2022.07.31"]
[SourceVersion "1"]
[SourceVersionDate "2022.07.31"]
[SourceQuality "1"]

1. Nf3 Nf6 2. g3 g6 3. b3 Bg7 4. Bb2 d6 5. d4 0-0 6. Bg2 Nbd7 7. c4 e5 8. dxe5 Ng4 9. Nc3 Ngxe5 10. Nd4 Nc5 11. 0-0 c6 12. Qd2 Qe7 13. Rad1 Rd8 14. h3 f5 15. Rfe1 Ne6 16. e3 Kh8 17. f4 Nf7 18. Nf3 Nc5 19. b4 Ne4 20. Nxe4 fxe4 21. Bxg7+ Kxg7 22. Qd4+ Kg8 23. Nd2 d5 24. cxd5 cxd5 25. Rc1 Be6 26. Rc2 Nd6 27. g4 b6 28. Rec1 Rac8 29. a3 1/2-1/2

[Event "CZE-ch Rapid (Women)"]
[Site "Ceska Trebova"]
[Date "2022.05.14"]
[Round "4"]
[White "Miturova, Magdalena"]
[Black "Movsesian, Julia"]
[Result "1/2-1/2"]
[WhiteElo "2217"]
[BlackElo "2313"]
[PlyCount "39"]
[EventDate "2022.05.14"]
[EventType "swiss (rapid)"]
[EventRounds "9"]
[EventCountry "CZE"]
[SourceTitle "CBM 208 Extra"]
[Source "ChessBase"]
[SourceDate "2022.07.31"]
[SourceVersion "1"]
[SourceVersionDate "2022.07.31"]
[SourceQuality "1"]

1. e4 e5 2. Nf3 Nc6 3. Bb5 a6 4. Ba4 Nf6 5. 0-0 Be7 6. Re1 b5 7. Bb3 0-0 8. a4 Bb7 9. d3 d6 10. Nc3 b4 11. Nd5 a5 12. Nxf6+ Bxf6 13. Bd5 Qe7 14. c3 bxc3 15. bxc3 Nd8 16. Bxb7 Nxb7 17. d4 Rfe8 18. Rb1 c6 19. Ba3 Qc7 20. Qb3 1/2-1/2

[Event "CZE-ch Rapid (Women)"]
[Site "Ceska Trebova"]
[Date "2022.05.14"]
[Round "6"]
[White "Miturova, Magdalena"]
[Black "Turkova, Karolina"]
[Result "1-0"]
[WhiteElo "2217"]
[BlackElo "1891"]
[PlyCount "47"]
[EventDate "2022.05.14"]
[EventType "swiss (rapid)"]
[EventRounds "9"]
[EventCountry "CZE"]
[SourceTitle "CBM 208 Extra"]
[Source "ChessBase"]
[SourceDate "2022.07.31"]
[SourceVersion "1"]
[SourceVersionDate "2022.07.31"]
[SourceQuality "1"]

1. Nf3 d5 2. g3 Nf6 3. Bg2 g6 4. c4 d4 5. 0-0 Bg7 6. b4 0-0 7. Bb2 d3 8. exd3 Qxd3 9. Ne5 Qd8 10. d4 c6 11. Nd2 Be6 12. b5 Qc7 13. a4 cxb5 14. axb5 Nbd7 15. f4 Nxe5 16. fxe5 Nd7 17. Qe2 Nb6 18. d5 Bd7 19. Bd4 Rfc8 20. c5 Nxd5 21. Bxd5 Be8 22. Qe4 Rcb8 23. Rxa7 Bxb5 24. Rxf7 1-0

[Event "AUT-chT (Women) 2122"]
[Site "Austria"]
[Date "2022.04.23"]
[Round "9.2"]
[White "Batyte, Daiva"]
[Black "Miturova, Magdalena"]
[Result "1/2-1/2"]
[WhiteElo "2124"]
[BlackElo "2210"]
[PlyCount "62"]
[EventDate "2021.11.06"]
[EventType "team-tourn"]
[EventRounds "9"]
[EventCountry "AUT"]
[SourceTitle "EXT 2024"]
[Source "ChessBase"]
[SourceDate "2023.10.10"]
[SourceVersion "1"]
[SourceVersionDate "2023.10.10"]
[SourceQuality "1"]
[WhiteTeam "Steyr (W)"]
[BlackTeam "Wulkaprodersdorf (W)"]
[WhiteTeamCountry "AUT"]
[BlackTeamCountry "AUT"]

1. c4 Nf6 2. g3 e6 3. Bg2 d5 4. Nf3 dxc4 5. a4 Nc6 6. Na3 Na5 7. 0-0 Nd5 8. Ne5 Nb6 9. d3 Nb3 10. Ra2 Nxc1 11. Qxc1 cxd3 12. Nxd3 Bxa3 13. Rxa3 0-0 14. a5 Nd5 15. Rd1 c6 16. a6 bxa6 17. Qxc6 Rb8 18. Qc1 Qb6 19. e4 Nb4 20. Nc5 e5 21. h3 Be6 22. Nxe6 Qxe6 23. Bf1 Qb6 24. Qc3 f6 25. Bxa6 Nxa6 26. Qc4+ Kh8 27. Rxa6 Qxb2 28. Rxa7 Rbc8 29. Qe6 Rc1 30. Qd7 Rxd1+ 31. Qxd1 Qb5 1/2-1/2

[Event "AUT-chT (Women) 2122"]
[Site "Austria"]
[Date "2022.03.26"]
[Round "6.2"]
[White "Miturova, Magdalena"]
[Black "Mihelic, Vesna"]
[Result "1-0"]
[WhiteElo "2205"]
[BlackElo "1907"]
[PlyCount "57"]
[EventDate "2021.11.06"]
[EventType "team-tourn"]
[EventRounds "9"]
[EventCountry "AUT"]
[SourceTitle "EXT 2023"]
[Source "ChessBase"]
[SourceDate "2022.10.05"]
[SourceVersion "1"]
[SourceVersionDate "2022.10.05"]
[SourceQuality "1"]
[WhiteTeam "Wulkaprodersdorf (W)"]
[BlackTeam "Feffernitz (W)"]
[WhiteTeamCountry "AUT"]
[BlackTeamCountry "AUT"]

1. e4 e5 2. Nf3 Nc6 3. Bb5 g6 4. c3 a6 5. Bc4 d6 6. d4 Bg7 7. Bg5 Nge7 8. dxe5 dxe5 9. Nbd2 0-0 10. b4 h6 11. Be3 Kh7 12. h4 f6 13. a4 Bd7 14. Nb3 Qc8 15. Nc5 Bg4 16. Qb3 Nd8 17. a5 Nec6 18. Nh2 Re8 19. Nxg4 Qxg4 20. Kf1 Na7 21. Rd1 Nb5 22. Rd7 Ne6 23. Bxe6 f5 24. h5 Nd6 25. hxg6+ Qxg6 26. Rxd6 cxd6 27. Bxf5 Qxf5 28. exf5 dxc5 29. f6 1-0

[Event "AUT-chT (Women) 2122"]
[Site "Austria"]
[Date "2022.03.25"]
[Round "5.2"]
[White "Kurapova, Olga"]
[Black "Miturova, Magdalena"]
[Result "1/2-1/2"]
[WhiteElo "1886"]
[BlackElo "2205"]
[PlyCount "60"]
[EventDate "2021.11.06"]
[EventType "team-tourn"]
[EventRounds "9"]
[EventCountry "AUT"]
[SourceTitle "EXT 2023"]
[Source "ChessBase"]
[SourceDate "2022.10.05"]
[SourceVersion "1"]
[SourceVersionDate "2022.10.05"]
[SourceQuality "1"]
[WhiteTeam "Dornbirn (W)"]
[BlackTeam "Wulkaprodersdorf (W)"]
[WhiteTeamCountry "AUT"]
[BlackTeamCountry "AUT"]

1. e4 e5 2. Nf3 Nc6 3. Bb5 a6 4. Bxc6 dxc6 5. 0-0 f6 6. d4 exd4 7. Nxd4 c5 8. Nb3 Qxd1 9. Rxd1 Bg4 10. f3 Be6 11. Bf4 c4 12. Nd4 0-0-0 13. Nc3 Bf7 14. a4 Ne7 15. Kf2 Ng6 16. Be3 Ne5 17. h3 h5 18. Nf5 Re8 19. Nd5 g6 20. Ng3 Bg7 21. a5 Re6 22. f4 h4 23. Ne2 Nc6 24. Nec3 Rhe8 25. Ra4 f5 26. e5 g5 27. Rxc4 gxf4 28. Bxf4 Bxe5 29. Bxe5 Rxe5 30. Rxh4 Rd8 1/2-1/2

[Event "BL 2122 (Women)"]
[Site "Germany"]
[Date "2022.03.20"]
[Round "6.4"]
[White "Miturova, Magdalena"]
[Black "Belenkaya, Dina"]
[Result "1-0"]
[WhiteElo "2217"]
[BlackElo "2254"]
[PlyCount "97"]
[EventDate "2021.11.27"]
[EventType "team-tourn"]
[EventRounds "11"]
[EventCountry "GER"]
[SourceTitle "EXT 2023"]
[Source "ChessBase"]
[SourceDate "2022.10.05"]
[SourceVersion "1"]
[SourceVersionDate "2022.10.05"]
[SourceQuality "1"]
[WhiteTeam "Rodewisch (W)"]
[BlackTeam "Bad Koenigshofen (W)"]
[WhiteTeamCountry "GER"]
[BlackTeamCountry "GER"]

1. e4 c6 2. d4 d5 3. Nc3 dxe4 4. Nxe4 Bf5 5. Ng3 Bg6 6. h4 h6 7. Nf3 Nd7 8. h5 Bh7 9. Bd3 Bxd3 10. Qxd3 Ngf6 11. Bd2 e6 12. 0-0-0 Be7 13. Ne4 Nxe4 14. Qxe4 Nf6 15. Qe2 Qd5 16. Kb1 Qe4 17. Qxe4 Nxe4 18. Be3 Nf6 19. Ne5 Bd6 20. f3 Rc8 21. g4 b5 22. c4 a5 23. Rc1 0-0 24. g5 hxg5 25. Bxg5 Nh7 26. Bd2 a4 27. Rcg1 Bxe5 28. dxe5 Kh8 29. Rg4 Rfd8 30. Kc2 Rd7 31. Rhg1 Rcd8 32. Ba5 Rg8 33. Bb4 Rdd8 34. Kc3 Rd7 35. Bd6 f6 36. f4 Rgd8 37. Kb4 Rb7 38. R1g2 Rc8 39. Kc5 bxc4 40. Kxc4 c5 41. a3 Rd7 42. Rg6 Rb7 43. h6 gxh6 44. exf6 Rf7 45. Rxh6 Rd8 46. Be5 Rd5 47. Rg7 Rxg7 48. fxg7+ Kg8 49. Rxe6 1-0

[Event "EU-chT (Women) 23rd"]
[Site "Terme Catez"]
[Date "2021.11.20"]
[Round "8.3"]
[White "Miturova, Magdalena"]
[Black "Gueci, Tea"]
[Result "1/2-1/2"]
[WhiteElo "2248"]
[BlackElo "2242"]
[PlyCount "119"]
[EventDate "2021.11.12"]
[EventType "team-swiss"]
[EventRounds "9"]
[EventCountry "SLO"]
[SourceTitle "CBM 205"]
[Source "ChessBase"]
[SourceDate "2021.12.31"]
[SourceVersion "1"]
[SourceVersionDate "2021.12.31"]
[SourceQuality "1"]
[WhiteTeam "Czech Republic (W)"]
[BlackTeam "Italy (W)"]
[WhiteTeamCountry "CZE"]
[BlackTeamCountry "ITA"]

1. e4 c5 2. Nf3 Nc6 3. Bb5 g6 4. Bxc6 dxc6 5. d3 Bg7 6. h3 Nf6 7. Nc3 Nd7 8. Be3 e5 9. Qd2 h6 10. 0-0 b6 11. Nh2 Nf8 12. f4 exf4 13. Bxf4 Ne6 14. Bg3 Qg5 15. Qe1 Nd4 16. Qf2 0-0 17. Bd6 Bxh3 18. Bf4 Qxg2+ 19. Qxg2 Bxg2 20. Kxg2 Nxc2 21. Rad1 Rad8 22. Rf2 Nd4 23. Nf3 g5 24. Bc1 f5 25. Nxd4 cxd4 26. Ne2 fxe4 27. Rxf8+ Rxf8 28. dxe4 c5 29. Ng3 Re8 30. Kf3 Re6 31. Nf5 Bf8 32. Re1 Re5 33. Bd2 Kh7 34. Rg1 Re6 35. Be1 b5 36. Bg3 Kg6 37. Bb8 b4 38. b3 a5 39. Bc7 Ra6 40. Ke2 a4 41. Kd3 axb3 42. axb3 c4+ 43. bxc4 Bc5 44. Rf1 Ra3+ 45. Kc2 Rc3+ 46. Kb2 d3 47. e5 d2 48. Bd6 Bf2 49. Ne7+ Kh5 50. Nd5 Rxc4 51. Rd1 Rd4 52. Nxb4 g4 53. Bc5 g3 54. Bxd4 Bxd4+ 55. Kc2 g2 56. e6 Kg6 57. Nd5 g1Q 58. Rxg1+ Bxg1 59. Kxd2 Bc5 60. Ke2 1/2-1/2

[Event "EU-chT (Women) 23rd"]
[Site "Terme Catez"]
[Date "2021.11.19"]
[Round "7.2"]
[White "Stockova, Zuzana"]
[Black "Miturova, Magdalena"]
[Result "1-0"]
[WhiteElo "2292"]
[BlackElo "2248"]
[PlyCount "97"]
[EventDate "2021.11.12"]
[EventType "team-swiss"]
[EventRounds "9"]
[EventCountry "SLO"]
[SourceTitle "CBM 205"]
[Source "ChessBase"]
[SourceDate "2021.12.31"]
[SourceVersion "1"]
[SourceVersionDate "2021.12.31"]
[SourceQuality "1"]
[WhiteTeam "Slovakia (W)"]
[BlackTeam "Czech Republic (W)"]
[WhiteTeamCountry "SVK"]
[BlackTeamCountry "CZE"]

1. e4 e5 2. Nf3 Nc6 3. Bb5 a6 4. Ba4 Nf6 5. 0-0 Be7 6. Re1 b5 7. Bb3 d6 8. c3 0-0 9. h3 h6 10. d4 Re8 11. Nbd2 Bf8 12. a3 Bb7 13. Bc2 Nb8 14. a4 Nbd7 15. Bd3 c6 16. b3 d5 17. dxe5 Nxe5 18. Nxe5 Rxe5 19. Nf3 Re8 20. e5 Nd7 21. Bc2 Nc5 22. Nd4 g6 23. axb5 cxb5 24. Qg4 Kh7 25. h4 Qd7 26. e6 Qe7 27. h5 Qf6 28. Re3 Bc8 29. Rf3 Bxe6 30. hxg6+ Kh8 31. Qh5 Qg7 32. Bg5 fxg6 33. Bxg6 Bg4 34. Bxh6 Bxh5 35. Bxg7+ Bxg7 36. Bxh5 Re5 37. Bf7 Bh6 38. b4 Ne4 39. Nxb5 Ng5 40. Rf6 Kg7 41. Rg6+ Kh7 42. f4 Rf5 43. fxg5 Bg7 44. Rxg7+ Kxg7 45. g6 a5 46. bxa5 d4 47. Nxd4 Rfxa5 48. Ne6+ Kf6 49. Rf1+ 1-0

[Event "EU-chT (Women) 23rd"]
[Site "Terme Catez"]
[Date "2021.11.12"]
[Round "1.1"]
[White "Miturova, Magdalena"]
[Black "Lagno, Kateryna"]
[Result "0-1"]
[WhiteElo "2248"]
[BlackElo "2550"]
[PlyCount "102"]
[EventDate "2021.11.12"]
[EventType "team-swiss"]
[EventRounds "9"]
[EventCountry "SLO"]
[SourceTitle "CBM 205"]
[Source "ChessBase"]
[SourceDate "2021.12.31"]
[SourceVersion "1"]
[SourceVersionDate "2021.12.31"]
[SourceQuality "1"]
[WhiteTeam "Czech Republic (W)"]
[BlackTeam "Russia (W)"]
[WhiteTeamCountry "CZE"]
[BlackTeamCountry "RUS"]

1. e4 e5 2. Nf3 Nc6 3. Nc3 Nf6 4. Bb5 Bd6 5. d3 0-0 6. 0-0 h6 7. Ne2 Re8 8. Ng3 Bf8 9. h3 a6 10. Ba4 b5 11. Bb3 Na5 12. Nh2 Nxb3 13. axb3 d5 14. Qf3 Bb7 15. Ng4 Nxg4 16. Qxg4 Re6 17. Re1 a5 18. Nf5 Kh7 19. h4 g6 20. Ng3 dxe4 21. dxe4 h5 22. Qf3 Qf6 23. Qxf6 Rxf6 24. Bg5 Rc6 25. Re2 a4 26. bxa4 Rxa4 27. Rxa4 bxa4 28. Rd2 Bd6 29. Kh2 Rb6 30. c3 Kg7 31. Be3 Rb3 32. c4 Bb4 33. Rc2 Be7 34. Bg5 Bxg5 35. hxg5 h4 36. Nf1 Bxe4 37. Rd2 Bc6 38. Ne3 f6 39. gxf6+ Kxf6 40. Re2 e4 41. g3 g5 42. Rd2 Rd3 43. Rc2 Kg6 44. Re2 Kh5 45. Rc2 Bd7 46. Re2 Bg4 47. Nxg4 Kxg4 48. gxh4 Kf3 49. Rc2 gxh4 50. Kh3 Rd1 51. Kxh4 Rf1 0-1

[Event "CZE-ch (Women)"]
[Site "Frydek Mistek"]
[Date "2021.09.18"]
[Round "8"]
[White "Olsarova, Karolina"]
[Black "Miturova, Magdalena"]
[Result "1-0"]
[WhiteElo "2280"]
[BlackElo "2219"]
[PlyCount "95"]
[EventDate "2021.09.11"]
[EventType "tourn"]
[EventRounds "9"]
[EventCountry "CZE"]
[SourceTitle "CBM 204 Extra"]
[Source "ChessBase"]
[SourceDate "2021.11.30"]
[SourceVersion "1"]
[SourceVersionDate "2021.11.30"]
[SourceQuality "1"]

1. e4 e5 2. Nf3 Nc6 3. Bb5 a6 4. Ba4 Nf6 5. 0-0 Be7 6. Re1 b5 7. Bb3 d6 8. c3 0-0 9. h3 Bb7 10. d4 Re8 11. Nbd2 Bf8 12. a4 h6 13. d5 Ne7 14. axb5 axb5 15. Rxa8 Bxa8 16. c4 bxc4 17. Ba4 c6 18. Nxc4 Qb8 19. b3 Rd8 20. dxc6 Nxc6 21. Qe2 Nb4 22. Ncd2 Rc8 23. Bb5 Nxe4 24. Nxe4 Bxe4 25. Qxe4 Qxb5 26. Bxh6 Qc6 27. Qxb4 gxh6 28. Qg4+ Kh8 29. Nh4 d5 30. Re3 Qc1+ 31. Kh2 Rc3 32. Rxc3 Qxc3 33. Qd7 Kg8 34. Qxd5 Qb4 35. Qc4 Qb6 36. Qg4+ Kh8 37. Qf3 Qe6 38. Qa8 Kg8 39. Qf3 Kh8 40. g3 Bc5 41. Nf5 Kh7 42. Kg2 Kh8 43. Qa8+ Kh7 44. Qe4 Kh8 45. g4 Bf8 46. b4 Kg8 47. b5 Bc5 48. Qc6 1-0

[Event "CZE-ch (Women)"]
[Site "Frydek Mistek"]
[Date "2021.09.16"]
[Round "6"]
[White "Miturova, Magdalena"]
[Black "Nemcova, Karin"]
[Result "1-0"]
[WhiteElo "2219"]
[BlackElo "2137"]
[PlyCount "39"]
[EventDate "2021.09.11"]
[EventType "tourn"]
[EventRounds "9"]
[EventCountry "CZE"]
[SourceTitle "CBM 204 Extra"]
[Source "ChessBase"]
[SourceDate "2021.11.30"]
[SourceVersion "1"]
[SourceVersionDate "2021.11.30"]
[SourceQuality "1"]

1. e4 c5 2. Nf3 d6 3. d4 cxd4 4. Nxd4 Nf6 5. Nc3 a6 6. Bc4 e6 7. Bb3 Be7 8. g4 0-0 9. Be3 b5 10. g5 Nfd7 11. Rg1 Nc5 12. Qh5 Qe8 13. Nd5 exd5 14. Bxd5 g6 15. Qh6 Nxe4 16. Bxa8 Bd8 17. 0-0-0 Nd7 18. Rg4 f5 19. Bd5+ Rf7 20. Nxf5 1-0

[Event "CZE-ch (Women)"]
[Site "Frydek Mistek"]
[Date "2021.09.15"]
[Round "5"]
[White "Kanakova, Natalie"]
[Black "Miturova, Magdalena"]
[Result "0-1"]
[WhiteElo "2180"]
[BlackElo "2219"]
[PlyCount "78"]
[EventDate "2021.09.11"]
[EventType "tourn"]
[EventRounds "9"]
[EventCountry "CZE"]
[SourceTitle "CBM 204 Extra"]
[Source "ChessBase"]
[SourceDate "2021.11.30"]
[SourceVersion "1"]
[SourceVersionDate "2021.11.30"]
[SourceQuality "1"]

1. f4 d5 2. Nf3 Nf6 3. g3 g6 4. Bg2 Bg7 5. 0-0 c5 6. d3 Nc6 7. Nc3 b6 8. e4 dxe4 9. dxe4 0-0 10. e5 Ne8 11. Ng5 Bb7 12. Be3 Nc7 13. Qg4 Qc8 14. Qh4 h6 15. Nge4 Nd4 16. Bxd4 cxd4 17. Qxe7 Ba6 18. Nd1 Bxf1 19. Nd6 Qd8 20. Qxd8 Raxd8 21. Bxf1 f6 22. Bc4+ Kh7 23. exf6 Rxd6 24. fxg7 Kxg7 25. Nf2 Nd5 26. a3 Ne3 27. Bd3 Rc6 28. Be4 Rc7 29. Rc1 Rfc8 30. Bd3 Nxc2 31. Ne4 Ne3 32. Re1 Rc1 33. Rxc1 Rxc1+ 34. Kf2 Nd1+ 35. Ke2 Nxb2 36. Bb5 Rc2+ 37. Nd2 Rc3 38. a4 Re3+ 39. Kf1 Ra3 0-1

[Event "CZE-ch (Women)"]
[Site "Frydek Mistek"]
[Date "2021.09.14"]
[Round "4"]
[White "Miturova, Magdalena"]
[Black "Sikorova, Olga"]
[Result "1/2-1/2"]
[WhiteElo "2219"]
[BlackElo "2205"]
[PlyCount "97"]
[EventDate "2021.09.11"]
[EventType "tourn"]
[EventRounds "9"]
[EventCountry "CZE"]
[SourceTitle "CBM 204 Extra"]
[Source "ChessBase"]
[SourceDate "2021.11.30"]
[SourceVersion "1"]
[SourceVersionDate "2021.11.30"]
[SourceQuality "1"]

1. Nf3 Nf6 2. g3 g6 3. Bg2 Bg7 4. c4 0-0 5. Nc3 d6 6. d4 Nc6 7. 0-0 a6 8. h3 Bd7 9. e4 Qc8 10. Kh2 e5 11. dxe5 dxe5 12. Be3 Be6 13. b3 h6 14. Ne1 Kh7 15. Nd3 Nd7 16. Qd2 f5 17. Rae1 Qd8 18. Nd5 fxe4 19. Bxe4 Nf6 20. Nxf6+ Qxf6 21. Nc5 Rad8 22. Nxe6 Qxe6 23. Qc2 Nd4 24. Bxd4 exd4 25. Bxb7 Qf6 26. Be4 Rd6 27. Qd3 Kh8 28. f4 c5 29. Bd5 Qd8 30. Re2 Rdf6 31. Kg2 Qa5 32. Be4 Qb6 33. Rfe1 g5 34. f5 h5 35. Qf3 Rh6 36. Bd3 h4 37. Re8 hxg3 38. Rxf8+ Bxf8 39. Re8 Kg7 40. Qa8 Rf6 41. Kxg3 Qd6+ 42. Kg2 Qf4 43. Qf3 Qxf3+ 44. Kxf3 Rh6 45. Bf1 Rh4 46. Re4 Rh6 47. Re8 Rh4 48. Re4 Rh6 49. Re8 1/2-1/2